ՀՀ Գիտությունների ազգային ակադեմիայի հիմնարար գիտական գրադարան  =   Fundamental Scientific Library of NAS RA

Пинск : (Record no. 461121)

MARC details
000 -LEADER
fixed length control field 00861nam a2200229 a 4500
003 - CONTROL NUMBER IDENTIFIER
control field AM-YEHGA
040 ## - CATALOGING SOURCE
Original cataloging agency AM-YeHGA
001 - CONTROL NUMBER
control field 1376089
005 - DATE AND TIME OF LATEST TRANSACTION
control field 20250617160841.0
008 - FIXED-LENGTH DATA ELEMENTS--GENERAL INFORMATION
fixed length control field 180621s1961 ru ac|||r|||||001|0|rus||
041 0# - LANGUAGE CODE
Language code of text/sound track or separate title rus
090 ## - LOCALLY ASSIGNED LC-TYPE CALL NUMBER (OCLC); LOCAL CALL NUMBER (RLIN)
-- 464225
100 1# - MAIN ENTRY--PERSONAL NAME
Personal name Нетылькин, Александр Трофимович
245 10 - TITLE STATEMENT
Title Пинск :
Remainder of title Исторический очерк /
Statement of responsibility, etc. А. Нетыльник.
260 ## - PUBLICATION, DISTRIBUTION, ETC.
Place of publication, distribution, etc. Минск :
Name of publisher, distributor, etc. Госиздат БССР,
Date of publication, distribution, etc. 1961.
300 ## - PHYSICAL DESCRIPTION
Extent 75 с. :
Other physical details ил., портр. ;
Dimensions 20 см.
504 ## - BIBLIOGRAPHY, ETC. NOTE
Bibliography, etc. note Библиогр. : с. 73-74
650 14 - SUBJECT ADDED ENTRY--TOPICAL TERM
Topical term or geographic name entry element История Белоруссии
651 4# - SUBJECT ADDED ENTRY--GEOGRAPHIC NAME
Geographic name Пинск, г. (Брестская обл.)
General subdivision История
653 0# - INDEX TERM--UNCONTROLLED
Uncontrolled term Коммунистическое строительство - Пинск, г. (Брестская обл.)
942 ## - ADDED ENTRY ELEMENTS (KOHA)
Source of classification or shelving scheme Universal Decimal Classification
Koha item type Գրքեր / Books
Holdings
Withdrawn status Lost status Source of classification or shelving scheme Damaged status Not for loan Collection Home library Current library Date acquired Total checkouts Full call number Barcode Date last seen Price effective from Koha item type Public note
    Universal Decimal Classification     General Fundamental Scientific Library Fundamental Scientific Library 24/03/2021   PII/47753 FL0643944 24/03/2021 24/03/2021 Գրքեր / Books 30 Days Loan


ՀՀ ԳԱԱ հիմնարար գիտական գրադարան
ՀՀ,Երևան 0019
Մարշալ Բաղրամյան 24/6
հեռախոս:(374-10) 52-47-50
Հետադարձ կապ

All site content, except where otherwise noted, is licensed under a
Creative Commons License